| 000 | 00413cam a2200145ua 4500 | ||
|---|---|---|---|
| 041 |
_aeng _h |
||
| 082 |
_a628 _bVAL/EL |
||
| 100 | _aValsaraj, Kalliath T . | ||
| 245 |
_aElements of environmental engineering: Thermodynamics and Kinetics / _cKalliath T Valsaraj. _hTextual Documents |
||
| 260 |
_aLondon : _bLewis Publishers , _c1995. |
||
| 300 | _a650 ; . | ||
| 504 | _a | ||
| 942 | _cBK | ||
| 999 |
_c13168 _d13168 |
||